The Europe Quiz Stats

 Plays Quiz Updated Oct 11, 2017

Challenge
Share
Tweet
Embed
Score 0/24 Timer 05:00
17 Plays Today
Clue Answer % Correct
Main CurrencyEuro
93%
Largest CountryRussia
91.9%
Bordering OceanAtlantic
91.8%
Bordering ContinentAsia
89.9%
Smallest CountryVatican City
87.7%
Dominant ReligionChristianity
86.9%
2nd Largest Metropolitan AreaLondon, UK
81.1%
3rd Largest CountryFrance
79.4%
2nd Smallest CountryMonaco
77.9%
Most Densely-Populated CountryMonaco
77%
2nd Largest CountryUkraine
74.8%
3rd Smallest CountrySan Marino
73.9%
Clue Answer % Correct
Bordering OceanArctic
71.7%
Number of EU Countries28
71.4%
Number of Countries47
71.1%
Largest Metropolitan AreaMoscow, Russia
66.9%
DemonymEuropean
61.1%
Largest VolcanoMount Etna
53.6%
Least Densely-Populated CountryIceland
52.8%
Longest RiverVolga River
48.2%
Year EU Established1993
45.7%
Highest PointMount Elbrus
22.9%
Lowest PointCaspian Sea
15.4%
Largest LakeLake Ladoga
12.1%

You're not logged in!

Compare scores with friends on all Sporcle quizzes.
OR
Log In

You Might Also Like...

Show Comments

Extras

Top Quizzes Today


Score Distribution

Your Account Isn't Verified!

In order to create a playlist on Sporcle, you need to verify the email address you used during registration. Go to your Sporcle Settings to finish the process.

Report this User

Report this user for behavior that violates our Community Guidelines.

Details: